A "Forum" szerepe felszabadulás utáni irodalmunk történetében

Elmentve itt :
Bibliográfiai részletek
Szerző: Kovács Sándor Iván
Dokumentumtípus: Könyv
Megjelent: Szegedi Városi Nyomda Szeged 1964
Sorozat:Irodalomtörténeti Dolgozatok 36
Kulcsszavak:Magyar irodalom története - 20. sz., Magyar sajtótörténet - 1946-1950
Tárgyszavak:
Online Access:http://acta.bibl.u-szeged.hu/43844
LEADER 00776nam a2200193 i 4500
001 acta43844
005 20230331114938.0
008 170109s1964 hu o 0|| hun d
040 |a SZTE Egyetemi Kiadványok Repozitórium  |b hun 
041 |a hun 
100 1 |a Kovács Sándor Iván 
245 1 2 |a A "Forum" szerepe felszabadulás utáni irodalmunk történetében  |h [elektronikus dokumentum] /  |c  Kovács Sándor Iván 
260 |a Szegedi Városi Nyomda  |b Szeged  |c 1964 
300 |a p. 3-17.  |c 23 cm 
490 0 |a Irodalomtörténeti Dolgozatok  |v 36 
650 4 |a Bölcsészettudományok 
650 4 |a Nyelvek és irodalom 
695 |a Magyar irodalom története - 20. sz., Magyar sajtótörténet - 1946-1950 
856 4 0 |u http://acta.bibl.u-szeged.hu/43844/1/itd_036.pdf  |z Dokumentum-elérés